00476nam a22001097a 4500020001500000041000800015082001700023245020400040260004600244300002300290440005300313 a0043380307 aeng a330.155bAME aReadings in welfare economics/bReadings in welfare economics, selected by a committee of the American Economic Association. Selection committee for this volume: Kenneth J. Arrow and Tibor Scitovsky. aLondon:bGeorge Allen & Unwin Ltd,c1969. avi, 734p. ;c22cm. aSeries of republished article on economicsvv.12